[Event "FRA-chT Top 16 Gp Basse"]
[Site "Chartres"]
[Date "2023.06.11"]
[Round "4.3"]
[White "Schmitt, Eleonore"]
[Black "Schippke, Manon"]
[Result "0-1"]
[WhiteElo "1553"]
[BlackElo "2097"]
[PlyCount "88"]
[EventDate "2023.06.08"]
[EventType "team-tourn"]
[EventRounds "4"]
[EventCountry "FRA"]
[SourceTitle "CBM 214 Extra"]
[Source "ChessBase"]
[SourceDate "2023.07.31"]
[SourceVersion "1"]
[SourceVersionDate "2023.07.31"]
[SourceQuality "1"]
[WhiteTeam "Strasbourg"]
[BlackTeam "Metz Fischer"]
[WhiteTeamCountry "FRA"]
[BlackTeamCountry "FRA"]

1. e4 e6 2. d4 d5 3. e5 c5 4. c3 Nc6 5. Nf3 Bd7 6. a3 Qb6 7. b4 cxd4 8. cxd4 Rc8 9. Be3 Nge7 10. Nbd2 Nf5 11. Nb3 Nb8 12. Rc1 Rxc1 13. Qxc1 Be7 14. Be2 0-0 15. 0-0 Bb5 16. Qd2 Bxe2 17. Qxe2 Nc6 18. Rc1 h5 19. Nc5 Rc8 20. Nd7 Qd8 21. Nc5 b6 22. Nd3 Nb8 23. Qd2 Qd7 24. Rxc8+ Qxc8 25. Qc1 Qxc1+ 26. Bxc1 Kf8 27. Kf1 Ke8 28. Ke2 Kd7 29. g3 Kc6 30. h4 Kb5 31. Nf4 g6 32. Kd3 Nc6 33. Kc3 a5 34. bxa5 Nxa5 35. Nd3 Nc6 36. Bb2 Ka4 37. Bc1 Bxa3 38. Be3 b5 39. Kc2 Be7 40. Kb2 Na5 41. Ka2 b4 42. Nc1 b3+ 43. Kb1 Nxe3 44. fxe3 Nc4 0-1